Carregant...
Essentials of library planning /
| Autor principal: | |
|---|---|
| Idioma: | Undetermined |
| Publicat: |
1961
|
| LEADER | 00359nam a2200121Ia 4500 | ||
|---|---|---|---|
| 001 | 31890 | ||
| 008 | 170722s9999 xx 000 0 und d | ||
| 100 | |a Lodewycks, Ka | ||
| 245 | |a Essentials of library planning / | ||
| 260 | |c 1961 | ||
| 942 | |c GEN | ||
| 999 | |c 627 |d 627 | ||
| 952 | |0 0 |1 0 |4 0 |6 A_22_K1_2D |7 0 |9 710 |a LIB |b LIB |d 2017-08-12 |o A,22 K1 (2D) |p 102814 |r 2017-08-12 |w 2017-08-12 |y GEN | ||